Prueba 2 - Estadísticas

Estadísticas generales
  • Esta prueba ha sido intentada 7 veces
  • La puntuación promedio es 5 de 10
Estadísticas de respuestas
Pregunta Respuesta % Correcto
Meter la pata significa... Cometer un error
86%
Mae es Informal
71%
Una persona costarricense Tico/a
71%
Va Jalando en inglés Go away
57%
Partido de fútbol informal Mejenga
57%
Mae en inglés Dude
43%
Chunche en inglés Thingy
43%
Darle una pelota Escuchar
14%
Zarpe en inglés Goodbye/goodnight
14%
La frase más común Pura Vida
14%
No se encontraron pruebas coincidentes
Distribución de puntuación
Porcentaje de gente con cada puntuación
Porcentaje por número respondido
Historial de tus puntuaciones
No has intentado esta prueba.